Variables estratégicas de integración vertical : carne vacuna /
Guardado en:
| Autor Principal: | |
|---|---|
| Autor Corporativo: | |
| Formato: | Libro |
| Idioma: | Spanish |
| Publicado: |
Buenos Aires :
SAGyP,
1995.
|
| Series: | Serie Integración Vertical
|
| Etiquetas: |
Agregar Etiqueta
Sin Etiquetas, Sea el primero en etiquetar este registro!
|
| LEADER | 00622nam a22001815a 4500 | ||
|---|---|---|---|
| 001 | EEA.libagro005242 | ||
| 005 | 20180928101242.0 | ||
| 008 | 130809s1995####ag#a##########000#0#spa#d | ||
| 082 | 0 | 4 | |a 658.9362 |
| 082 | 0 | 4 | |a 380.14162 |
| 082 | 0 | 4 | |a 636.20883 |
| 100 | 1 | |a Feldman, Paula. | |
| 245 | 1 | 0 | |a Variables estratégicas de integración vertical : |b carne vacuna / |c Paula Feldman. |
| 260 | |a Buenos Aires : |b SAGyP, |c 1995. | ||
| 300 | |a 30 h. : |b il. ; |c 30 cm. | ||
| 490 | 1 | |a Serie Integración Vertical | |
| 710 | 2 | |a Argentina. |b Secretaría de Agricultura, Pesca y Alimentación. | |
| 859 | |a AR-BbBCA |b BIB. AGRONOMIA |h 658.9362 |i F312 |p 1996/2513 | ||
